[Event "SLO-chT"]
[Site "Bled"]
[Date "1998.11.07"]
[Round "1"]
[White "Velickovic, Zoran"]
[Black "Kragelj, Igor"]
[Result "1-0"]
[WhiteElo "2290"]
[BlackElo "2280"]

1.Nf3 d5 2.g3 c6 3.c4 Bg4 4.Bg2 e6 5.d4 Nd7 6.O-O Ngf6 7.Nc3 dxc4 8.a4 a5
9.e4 Be7 10.Qe2 Nb6 11.Rd1 O-O 12.h3 Bxf3 13.Bxf3 Ne8 14.e5 Nc7 15.Be4 Ncd5
16.Bb1 Re8 17.Ne4 Nd7 18.Qxc4 Nf8 19.h4 h6 20.Qe2 Ra6 21.Qg4 Kh8 22.Qh5 Kg8
23.Rd3 Ra8 24.Rf3 f5 25.exf6 Nxf6 26.Nxf6+ Bxf6 27.Bg6 Nxg6 28.Qxg6 Qxd4
29.Bxh6 Re7 30.Bg5 Rf8 31.Re1 Ref7 32.Rxe6 Bxg5 33.Rxf7 Rxf7 34.Re8+  1-0

[Event "SLO-chT"]
[Site "Bled"]
[Date "1998.11.08"]
[Round "2"]
[White "Jeric, Simon"]
[Black "Pavasovic, Dusko"]
[Result "0-1"]
[WhiteElo "2345"]
[BlackElo "2475"]

1.Nf3 d5 2.g3 Bg4 3.Bg2 Nd7 4.d4 e6 5.c4 c6 6.b3 Bb4+ 7.Bd2 Bd6 8.Bc3 Qb8
9.Nbd2 Ngf6 10.O-O O-O 11.Qc2 Bf5 12.Qb2 h6 13.Ne5 Rd8 14.Rfd1 a5 15.a3 Bc7
16.Rac1 Qa7 17.e3 Nxe5 18.dxe5 Nd7 19.cxd5 cxd5 20.Bd4 Bb6 21.b4 axb4 22.axb4 Qa2
23.Ra1 Qxb2 24.Bxb2 Rxa1 25.Rxa1 Rc8 26.Nb3 Rc4 27.Nd4 Rxb4 28.Ra8+ Kh7 29.Nxf5 Rxb2
30.Nd6 Nxe5 31.Rb8 Rb1+ 32.Bf1 Bc7 33.Rxb7 Rxf1+ 34.Kxf1 Bxd6 35.Ke2 Kg6
36.h3 f5 37.Ra7 Kf6 38.h4 Nc4 39.Rd7 Be5 40.Ra7 Nd6 41.Ra4 Ne4 42.Rb4 Bd6
43.Rb2 Bc5 44.Rc2 d4 45.f3 Nxg3+ 46.Kd3 Bd6 47.Kxd4 f4 48.e4 h5 49.Ra2 Nf1
50.Rg2 g6 51.Kd3 Be7 52.Rg1 Ne3 53.Rh1 Kg7 54.Rh2 Bf6 55.Ke2 Nc2 56.Rh1 Nd4+
57.Kf2 Be7 58.Kg2 Nc6 59.Kf2 Ne5 60.Ke2 Bc5 61.Rc1 Be3 62.Ra1 Nc6 63.Kf1 Kf6
64.Kg2 Nd4 65.Rb1 Ke5 66.Rb7 Bd2 67.Ra7 Kf6 68.Rd7 Bc3 69.Kf2 Nc2 70.Rc7 Bd4+
71.Ke2 Ne3 72.Rc1 Ng2 73.Rh1 Ke7 74.Rh2 Ne3 75.Kd3 Bf6 76.Ke2 Kd6 77.Kf2 Ke5
78.Kg1 Be7 79.Kf2 Kd4 80.Ke2 Bf6 81.Rh1 Ng2 82.Kf2 Nxh4 83.Ra1 g5 84.Ra6 Ke5
85.Ra5+ Kd6 86.Ra6+ Ke7 87.Ra7+ Kf8 88.Rh7 Kg8 89.Rxh5 e5  0-1

[Event "ISR-ch"]
[Site "Ramat Aviv"]
[Date "1998.11.08"]
[Round "1.1"]
[White "Karasik, Evgeni"]
[Black "Bykhovsky, Avigdor"]
[Result "1/2-1/2"]
[WhiteElo "2130"]
[BlackElo "2455"]

1.Nf3 d5 2.g3 Bg4 3.Bg2 Nc6 4.c4 dxc4 5.O-O e5 6.Qa4 Qd7 7.Qxc4 f6 8.d3 Nge7
9.Nbd2 Be6 10.Qa4 Nf5 11.Ne4 h5 12.h4 Ncd4 13.Qd1 Nxf3+ 14.Bxf3 Nd4 15.Bg2 c5
16.Be3 Be7 17.Rc1 Rc8 18.b4 Bxa2 19.Bxd4 exd4 20.Nxc5 Bxc5 21.bxc5 O-O 22.c6 bxc6
23.Qa4 Qe6 24.Bxc6 Bd5 25.Bxd5 Qxd5 26.Qxa7 Qe5 27.Rc4 Rxc4 28.Qa2 f5 29.Qxc4+ Kh7
30.Rc1 Qxe2 31.Qxd4 f4 32.Qe4+ Qxe4 33.dxe4 fxg3 34.fxg3 Rf3 35.Kg2 Re3 36.Rc4 Kg8
37.Kf2 Rb3 38.Rc5 g6 39.Rc7 Kf8 40.Rd7 Ra3  1/2-1/2

[Event "Chigorin mem"]
[Site "St. Petersburg"]
[Date "1998.11.08"]
[Round "8"]
[White "Loginov, Valery A"]
[Black "Goloshchapov, Alexander"]
[Result "0-1"]
[WhiteElo "2520"]
[BlackElo "2445"]

1.Nf3 d5 2.g3 c6 3.Bg2 Bg4 4.c4 e6 5.Qb3 Qb6 6.Qc2 Nd7 7.d3 Ngf6 8.Nbd2 Be7
9.O-O O-O 10.h3 Bh5 11.g4 Bg6 12.Nh4 Rfe8 13.Nxg6 hxg6 14.Nf3 e5 15.Bd2 e4
16.Ng5 exd3 17.exd3 Bb4 18.Bf4 a5 19.Rad1 a4 20.d4 Qa6 21.a3 Bf8 22.c5 b6
23.cxb6 Nxb6 24.Rfe1 Nc4 25.Bf1 Qb5 26.Rxe8 Rxe8 27.Rc1 Qxb2 28.Bxc4 Qxd4
29.Qd2 Qxd2 30.Bxd2 dxc4 31.Rxc4 Ra8 32.Bc1 c5 33.Nf3 Nd7 34.Be3 f6 35.h4 Kf7
36.h5 gxh5 37.gxh5 Ke6 38.Nd2 Ne5 39.Rf4 c4 40.Nb1 Bd6 41.Kg2 Rb8 42.Nc3 Rb3
43.Nxa4 c3 44.Nxc3 Rxc3 45.a4 Bc5 46.Bxc5 Rxc5 47.Kg3 Rc3+ 48.f3 Ra3 49.Kg2 f5
50.Rb4 Nxf3 51.Kg3 Ne5+ 52.Kh4 Nc6 53.Rc4 Kd5 54.Rc1 Rxa4+ 55.Kg5 Ne7 56.Rg1 Ke6
57.h6 gxh6+ 58.Kxh6 Kf6  0-1

[Event "Chigorin mem"]
[Site "St. Petersburg"]
[Date "1998.11.08"]
[Round "8"]
[White "Karasev, Vladimir I"]
[Black "Orlov, Vassily"]
[Result "0-1"]
[WhiteElo "2375"]
[BlackElo "2435"]

1.Nf3 d5 2.g3 g6 3.Bg2 Bg7 4.O-O e5 5.c4 c6 6.cxd5 cxd5 7.d3 Ne7 8.e4 O-O
9.Nc3 d4 10.Ne2 Nbc6 11.Bd2 h6 12.b4 a6 13.Nh4 g5 14.Nf3 Be6 15.Ne1 Qd6 16.f4 f6
17.a3 b5 18.h4 g4 19.Nc1 h5 20.Nb3 Bf7 21.Rf2 Nd8 22.Rb1 Nb7 23.Nc2 Nc8 24.Na5 Qd7
25.Na1 Nb6 26.Nxb7 Qxb7 27.Nb3 Na4 28.Nc5 Nxc5 29.bxc5 Rfc8 30.Rc1 a5 31.Qe1 Qa7
32.fxe5 fxe5 33.c6 Qe7 34.Bxa5 Qxa3 35.Bd2 Qxd3 36.Rxf7 Kxf7 37.Bf1 Qb3 38.Rb1 Qf3
39.Be2 Qf6 40.Bxb5 Rxc6 41.Bg5 Qe6 42.Bxc6 Qxc6 43.Rc1 Qb7 44.Rb1 Qa6 45.Qb4 Kg8
46.Qb3+ Kh8 47.Rf1 Qa3 48.Qxa3 Rxa3 49.Kg2 Ra2+ 50.Rf2 Rxf2+ 51.Kxf2 Kh7
52.Ke2 Kg6 53.Kd3 Bh6 54.Bd8 Be3 55.Ke2 Bg1 56.Ba5 d3+ 57.Kf1 Be3 58.Ke1 Kf7
59.Bd2 Bd4 60.Kd1 Ke6 61.Bg5 Bf2 62.Kd2 Bxg3 63.Kxd3 Bh2 64.Ke3 Kd6 65.Bf6 Bg1+
66.Ke2 Bd4 67.Bg7 Kc5 68.Bf8+ Kc4 69.Ba3 Ba1 70.Ke3 Bc3 71.Bc1 Kb3 72.Ke2 Bb4
73.Be3 Kc4 74.Bf2 Be7 75.Kd2 Bd8 76.Ke2 Kc3  0-1

[Event "SLO-chT"]
[Site "Bled"]
[Date "1998.11.09"]
[Round "3"]
[White "Velickovic, Zoran"]
[Black "Sitnik, Igor"]
[Result "1-0"]
[WhiteElo "2290"]
[BlackElo "2245"]

1.Nf3 d5 2.g3 Nf6 3.c4 e6 4.Bg2 Be7 5.O-O O-O 6.d4 Nbd7 7.Qc2 c6 8.Nc3 b6
9.b3 Ba6 10.Rd1 Rc8 11.e4 b5 12.e5 Ne8 13.c5 f6 14.b4 fxe5 15.Nxe5 Nxe5 16.dxe5 Ra8
17.Ne4 Bc8 18.a4 bxa4 19.Rxa4 Bd7 20.Nd6 Nc7 21.Be3 Be8 22.Nxe8 Rxe8 23.Rda1 Qb8
24.Bf1 Bf8 25.Bd3 g6 26.h4 Re7 27.Kg2 Ne8 28.f4 Rb7 29.Bd2 Ng7 30.Ra6 Qc7
31.Qa4 Rc8 32.Rxa7 Rcb8 33.Ra6 Rc8 34.Ra7 Rcb8 35.Ra6 Rc8 36.Qa5 Qb8 37.Ra7 Rxa7
38.Qxa7 Nf5 39.Qd7 Ng7 40.Ra7 Re8 41.Qf7+ Kh8 42.Kf3 Qd8 43.Qc7 Qxc7 44.Rxc7 Ra8
45.Rxc6 Ra3 46.Ke2 Nh5 47.Be1 Bh6 48.Ke3 Ra1 49.Bf2 Ra2 50.b5 d4+ 51.Kf3  1-0

[Event "Donetzk zt"]
[Site "Donetsk"]
[Date "1998.11.10"]
[Round "8"]
[White "Romanishin, Oleg M"]
[Black "Maksimenko, Andrei"]
[Result "1/2-1/2"]
[WhiteElo "2600"]
[BlackElo "2500"]

1.Nf3 d5 2.g3 c6 3.Bg2 Bg4 4.c4 Nd7 5.cxd5 cxd5 6.Qa4 Nf6 7.Nc3 Bxf3 8.Bxf3 e6
9.O-O a6 10.d4 Be7 11.e4 b5 12.Qb3 b4 13.Nxd5 exd5 14.e5 O-O 15.exf6 Nxf6
16.Re1 a5 17.Bf4 Qd7 18.Rac1 Rfc8 19.Qd3 h6 20.h4 a4 21.Kg2 a3 22.b3 Rxc1
23.Rxc1 Rc8 24.Rxc8+ Qxc8 25.Qb5 Qe6 26.Be5 Bd6 27.Bxf6 Qxf6 28.Qxd5 g6 29.h5 gxh5
30.Bxh5 Bf8 31.Bf3 Qd6 32.Qc4 Kg7 33.Bd5 Qg6 34.Qc7 Qf5 35.Bf3 Qf6 36.Qd7 Qe6
37.Qc7 Qf6 38.Qc4 Qf5 39.Qe2 Bd6 40.Qa6 Qf6 41.Qc4 Kf8 42.Be4 Kg7 43.Bd5 Qe7
44.Qd3 Qf6 45.Bc4 Bc7 46.Qd2 Qc6+ 47.Kg1 Qd6 48.Qe3 Bb6 49.Qf3 Qf6 50.Qg4+ Kf8
51.Qc8+ Kg7  1/2-1/2

[Event "SLO-chT"]
[Site "Bled"]
[Date "1998.11.11"]
[Round "5"]
[White "Kragelj, Igor"]
[Black "Sitnik, Igor"]
[Result "0-1"]
[WhiteElo "2280"]
[BlackElo "2245"]

1.Nf3 d5 2.g3 Nf6 3.c4 e6 4.Bg2 Be7 5.d4 O-O 6.O-O Nbd7 7.Qc2 c6 8.b3 b5
9.c5 Ne4 10.Bb2 f5 11.Ne1 Bg5 12.Nd3 Qe8 13.e3 a5 14.Nd2 b4 15.Nf3 Ba6 16.a3 Bf6
17.Rfc1 Bxd3 18.Qxd3 Qb8 19.axb4 axb4 20.Rxa8 Qxa8 21.Ra1 Qb7 22.Ra2 Ra8
23.Qb1 Kf7 24.Qa1 Rxa2 25.Qxa2 g5 26.Bf1 g4 27.Ne1 h5 28.Nc2 h4 29.Ba1 hxg3
30.hxg3 Nd2 31.Be2 Qb8 32.Qa4 Qb7 33.Ba6 Nf3+ 34.Kf1 Qa8 35.Nxb4 Qh8 36.Ke2 Qh1
37.Nd3 Qb1 38.b4 Nb8 39.Bb7 Nh2 40.Bc3 Qf1+ 41.Kd2 Nf3+ 42.Kc2 Qe2+ 43.Kb3 Qxd3
44.Bxc6 Nd2+  0-1

[Event "San Salvador zt"]
[Site "San Salvador"]
[Date "1998.11.11"]
[Round "6"]
[White "Jimenez, Juan Leon"]
[Black "Ruiz Gonzalez, Guillermo"]
[Result "1/2-1/2"]
[WhiteElo "2220"]
[BlackElo "2310"]

1.Nf3 d5 2.g3 Nf6 3.Bg2 g6 4.O-O Bg7 5.d4 O-O 6.c4 c6 7.b3 a5 8.Nc3 Ne4 9.Bb2 Nxc3
10.Bxc3 a4 11.Rc1 axb3 12.axb3 Be6 13.Ng5 Bf5 14.e4 dxe4 15.Nxe4 Nd7 16.g4 Bxe4
17.Bxe4 e6 18.h3 Qh4 19.Bg2 Ra2 20.d5 cxd5 21.Bxg7 Kxg7 22.cxd5 exd5 23.Qxd5 Nf6
24.Qxb7 h5 25.gxh5 Nxh5 26.Rc4 Nf4 27.Qf3 g5 28.Qg4 Qxg4 29.hxg4 Ne2+ 30.Kh2 Rh8+
31.Bh3 Nf4 32.Rc3 Ra6 33.Re1 Rah6 34.Ree3 Nd5 35.Kg2 Nxe3+ 36.Rxe3 Rh4 37.b4 f5
38.Rg3 f4 39.Rb3 Kf6 40.b5 Ke5 41.b6 Kd6 42.b7 Kc7 43.Kf1 f3 44.b8=Q+ Rxb8
45.Rxf3 Rbh8 46.Kg2 Kd6 47.Rd3+ Ke5 48.Re3+ Kd4 49.Ra3 R4h6 50.Ra4+ Kc3 51.Ra3+ Kb2
52.Rf3 Kc2 53.Ra3 Rd6 54.Kg3 Rd3+ 55.Rxd3 Kxd3 56.Bf1+ Kd4 57.Bg2 Ke5 58.Bc6 Rc8
59.Bb7 Rc7 60.Ba8 Ra7 61.Bc6 Ra3+ 62.f3 Kd4 63.Kf2 Ra2+ 64.Kg3 Ke3 65.Bd5 Ra1
66.Kg2 Rb1 67.Be4 Rc1 68.Bb7 Kf4 69.Be4 Rd1 70.Bb7 Rd3 71.Kh3 Ke3 72.Kg3 Rd7
73.Bc6 Rf7 74.Bd5 Rf8 75.Bc6 Ke2 76.Kg2 Ke1 77.Be4 Rf6 78.Kg1 Rb6 79.Kg2 Rb2+
80.Kg3 Rb3 81.Bd5 Rc3 82.Kg2 Rc2+ 83.Kg3 Rf2 84.Bc4 Rd2 85.Bb5 Rb2 86.Bc6 Rb4
87.Kg2 Rb2+ 88.Kg3 Rb4  1/2-1/2

[Event "Budapest FS11 IM-B"]
[Site "Budapest"]
[Date "1998.11.15"]
[Round "9"]
[White "Khechumyan, Gagik"]
[Black "Jamrich, Gyorgy"]
[Result "0-1"]
[WhiteElo "2320"]
[BlackElo "2310"]

1.Nf3 d5 2.g3 c5 3.Bg2 Nc6 4.d4 e6 5.O-O Qb6 6.c4 dxc4 7.d5 exd5 8.Nc3 d4
9.Nd5 Qd8 10.e4 Bg4 11.Qa4 Bxf3 12.Bxf3 Ne7 13.Bg5 a6 14.Bg2 f6 15.Bf4 b5
16.Qd1 Ra7 17.Qh5+ Ng6 18.Bh3 Bd6 19.Be6 Kf8 20.Bc1 Qe8 21.Qh3 h5 22.a4 b4
23.Nf4 c3 24.Nxg6+ Qxg6 25.Bd5 Ne7 26.bxc3 Nxd5 27.exd5 Qg4 28.Qxg4 hxg4
29.cxd4 c4 30.Re1 Rh5 31.Re6 Rxd5 32.Bd2 c3  0-1

[Event "BL9899 (Women)"]
[Site "Germany"]
[Date "1998.11.15"]
[Round "4.5"]
[White "Sheynina, Yuliya"]
[Black "Seidemann, Ulrike"]
[Result "0-1"]
[WhiteElo "2085"]
[BlackElo "2075"]

1.Nf3 d5 2.g3 Bg4 3.Bg2 Nd7 4.d3 Ngf6 5.Nbd2 e6 6.O-O c6 7.c3 Bd6 8.Qc2 O-O
9.e4 Re8 10.Re1 e5 11.h3 Bh5 12.Nh4 dxe4 13.dxe4 b5 14.Nf5 Bc5 15.Nf1 a5
16.Be3 Qb6 17.g4 Bg6 18.Rad1 Rad8 19.Rd2 Bxe3 20.N1xe3 Nc5 21.Rxd8 Qxd8 22.Rd1 Qc7
23.b4 Ne6 24.a3 h5 25.c4 hxg4 26.hxg4 axb4 27.axb4 bxc4 28.Qxc4 Rb8 29.Rc1 Bxf5
30.exf5 Nd4 31.f3 Qb6 32.Kf2 Qxb4 33.Qd3 Qb2+ 34.Rc2 Nxc2 35.Nxc2 Qb6+ 36.Kg3 Qc5
37.Ne3 Nd5 38.Nd1 Rb4 39.Qe2 Qd4 40.Nf2 Nf4 41.Qe1 Nxg2 42.Kxg2 Rb2 43.Kg3 Qf4+
44.Kg2 Qd2 45.Qxd2 Rxd2 46.Kg3 Kf8 47.Ne4 Rc2 48.f4 exf4+ 49.Kxf4 Ke7 50.Ng3 Rc4+
51.Kg5 c5 52.Nh5 f6+ 53.Kh4 Kf7 54.Kg3 Rc1 55.Nf4 Rg1+ 56.Kh3 c4  0-1

[Event "SVK-chT2A 9899"]
[Site "SVK"]
[Date "1998.11.15"]
[Round "4"]
[White "Horcak, Viliam"]
[Black "Duriga, Stefan"]
[Result "0-1"]
[WhiteElo "2130"]
[BlackElo "2215"]

1.Nf3 d5 2.g3 Nf6 3.Bg2 Bf5 4.O-O e6 5.d3 h6 6.Nbd2 Nbd7 7.Re1 Nc5 8.c3 a5
9.b3 Be7 10.Nd4 Bh7 11.Bh3 Ra6 12.a4 O-O 13.b4 axb4 14.cxb4 Ncd7 15.b5 Ra8
16.Bxe6 fxe6 17.Nxe6 Qc8 18.Nxf8 Bxf8 19.Bb2 Nc5 20.Kg2 Qg4 21.h3 Qb4 22.Ba3 Qc3
23.Bxc5 Qxc5 24.Nf3 Bd6 25.Qb3 Kh8 26.Rec1 Qb6 27.Qc3 Bf5 28.Ra2 Bd7 29.Ne5 Be8
30.Qb2 c5 31.Nf3 d4 32.Nd2 Bf7 33.Nc4 Qd8 34.e4 dxe3 35.fxe3 Qe7 36.Qf2 Rf8
37.Nxd6 Qxd6 38.Rd2 Ng4 39.Qe1 Ne5 40.Rc3 Bd5+ 41.e4 Nf3 42.Qe3 Nxd2 43.Qxc5 Nxe4  0-1

[Event "Budapest FS11 IM-A"]
[Site "Budapest"]
[Date "1998.11.16"]
[Round "10"]
[White "Vikulov, Alexander"]
[Black "Molnar, Laszlo"]
[Result "0-1"]
[WhiteElo "2160"]
[BlackElo "2330"]

1.Nf3 d5 2.g3 c6 3.Bg2 Nf6 4.O-O g6 5.b3 Bg7 6.Bb2 O-O 7.c4 a5 8.a3 Bg4 9.cxd5 cxd5
10.d3 Nc6 11.Ne5 Nxe5 12.Bxe5 Rc8 13.h3 Be6 14.d4 Qd7 15.Kh2 Qc6 16.a4 Qc2
17.Bxf6 Bxf6 18.Na3 Qxd1 19.Rfxd1 Rc3 20.Rab1 Rfc8 21.Rb2 h5 22.Rdd2 h4 23.g4 Bg5
24.e3 f5 25.gxf5 gxf5 26.f4 Bh6 27.Rdc2 Rxe3 28.Rxc8+ Bxc8 29.Bxd5+ e6 30.Bg2 Bxf4+
31.Kg1 Re1+ 32.Bf1 Bd7 33.Nc2 Rd1 34.Kf2 Bc6 35.Bc4 Rd2+ 36.Ke1 Be4 37.Bxe6+ Kf8
38.d5 Rxc2  0-1

[Event "Wch Seniors"]
[Site "Grieskirchen"]
[Date "1998.11.18"]
[Round "9"]
[White "Baumgartner, Heinz"]
[Black "Boeven, Manfred"]
[Result "1-0"]
[WhiteElo "2300"]
[BlackElo "2140"]

1.Nf3 d5 2.g3 Nc6 3.d3 e5 4.Bg2 Nf6 5.O-O Be7 6.c4 O-O 7.cxd5 Nxd5 8.a3 a5
9.Nc3 Be6 10.Bd2 f5 11.Rc1 Nxc3 12.Bxc3 Bf6 13.Nd2 Ra6 14.Qa4 Nd4 15.Bxd4 exd4
16.Bxb7 Rb6 17.Bf3 Rxb2 18.Nc4 Bd7 19.Qxa5 Rb5 20.Qa7 c6 21.a4 Rb8 22.a5 Rf7
23.Rb1 Ra8 24.Qc5 Be6 25.Qxc6  1-0

[Event "Wch U20"]
[Site "Calicut"]
[Date "1998.11.19"]
[Round "3"]
[White "Sutkovic, Damir"]
[Black "Turzo, Attila"]
[Result "0-1"]
[WhiteElo "2205"]
[BlackElo "2345"]

1.Nf3 d5 2.g3 c6 3.Bg2 Bg4 4.O-O Nd7 5.d4 e6 6.b3 Ngf6 7.Bb2 Be7 8.Nbd2 O-O
9.h3 Bf5 10.Nh4 Ne4 11.Nxf5 exf5 12.c4 Nxd2 13.Qxd2 Nf6 14.cxd5 Nxd5 15.Qd3 Qd7
16.Rad1 Rfe8 17.e3 Rad8 18.Bc3 Bf8 19.a4 Qe6 20.Rfe1 g6 21.Qc2 Nf6 22.b4 Ne4
23.Rb1 Bd6 24.Bd2 Rc8 25.Rec1 h5 26.h4 Qe7 27.Re1 Qf6 28.Rb3 Qe6 29.Rd3 Qe7
30.Rb1 Red8 31.Rbb3 b6 32.Rb1 Rc7 33.Rb2 Rdc8 34.Rb1 Qe6 35.Rb2 Bf8 36.Rb1 Bg7
37.Kf1 Bf6 38.Kg1 Kg7 39.Kf1 c5 40.dxc5 bxc5 41.Bxe4 Qxe4 42.f3  0-1

[Event "Bundesliga 9899"]
[Site "Germany"]
[Date "1998.11.21"]
[Round "3.5"]
[White "Smejkal, Jan"]
[Black "Proehl, Holger"]
[Result "1-0"]
[WhiteElo "2525"]
[BlackElo "2395"]

1.Nf3 d5 2.g3 Nf6 3.Bg2 g6 4.c4 Bg7 5.cxd5 Nxd5 6.d4 O-O 7.O-O Nd7 8.e4 N5b6
9.Qc2 c6 10.Rd1 Qc7 11.a4 a5 12.Be3 e5 13.d5 Qd6 14.Nc3 Re8 15.Bf1 cxd5 16.Nxd5 Nxd5
17.Rxd5 Qf6 18.Bg5 Qe6 19.Rad1 Bf8 20.Bb5 h6 21.Rxd7 Bxd7 22.Bxd7 Rec8 23.Qxc8 Qb3
24.Qxa8 Qxd1+ 25.Kg2 hxg5 26.Qe8 Qc2 27.Nxg5 Qb3 28.Be6  1-0

[Event "Sisak"]
[Site "Sisak"]
[Date "1998.11.21"]
[Round "2"]
[White "Badea, Bela"]
[Black "Videki, Sandor"]
[Result "1/2-1/2"]
[WhiteElo "2530"]
[BlackElo "2420"]

1.Nf3 d5 2.g3 c6 3.Bg2 Bg4 4.O-O Nd7 5.d4 e6 6.Nbd2 Ngf6 7.Re1 Be7 8.e4 dxe4
9.Nxe4 Nxe4 10.Rxe4 Nf6 11.Re1 O-O 12.c3 Re8 13.Qb3 Bxf3 14.Bxf3 Qb6 15.Bd2 Qxb3
16.axb3 Bd6 17.b4 a6 18.c4 Rab8 19.Bc3 Re7 20.Re2 Rd8 21.h4 h6 22.Rd1 Red7
23.Red2 Bb8 24.Kf1 Kf8 25.Bg2 Ke7 26.Ke2 Ba7 27.f4 g6 28.Bf3 h5 29.Rd3 Bb6
30.R3d2 Ba7  1/2-1/2

[Event "Sisak"]
[Site "Sisak"]
[Date "1998.11.22"]
[Round "4"]
[White "Berezjuk, Sergej"]
[Black "Vrkljan, Ivan"]
[Result "1-0"]
[WhiteElo "2410"]
[BlackElo "2165"]

1.Nf3 d5 2.g3 Nf6 3.Bg2 e6 4.O-O Be7 5.d3 b6 6.Nbd2 Bb7 7.Re1 O-O 8.c3 Nbd7
9.Qc2 a5 10.e4 dxe4 11.dxe4 Nc5 12.e5 Ng4 13.h3 Nh6 14.Nd4 Bxg2 15.Kxg2 Qd5+
16.N2f3 Nf5 17.Nxf5 exf5 18.Be3 Ne6 19.Qxf5 f6 20.Red1 Qc6 21.exf6 Rxf6 22.Qd5 Qxd5
23.Rxd5 Bc5 24.Bxc5 Nxc5 25.Ne5 Raf8 26.f4 Rf5 27.h4 h6 28.Rad1 g5 29.hxg5 hxg5
30.Ng6  1-0

[Event "Sisak"]
[Site "Sisak"]
[Date "1998.11.23"]
[Round "6"]
[White "Berezjuk, Sergej"]
[Black "Mirnic, Mirko"]
[Result "1/2-1/2"]
[WhiteElo "2410"]
[BlackElo "2170"]

1.Nf3 d5 2.g3 c6 3.Bg2 g6 4.O-O Bg7 5.d4 Nf6 6.c4 O-O 7.b3 Bf5 8.Nbd2 Be4
9.Bb2 e6 10.Nxe4 Nxe4 11.Qc2 Nd7 12.Rad1 Rc8 13.Ne1 f5 14.Nd3 Qe7 15.Ne5 Rfd8
16.Nxd7 Rxd7 17.e3 Rdd8 18.Rc1 Qd6 19.Rfd1 h5 20.f3 Nf6 21.Qe2 Rf8 22.Rc2 Rf7
23.a3 Re8 24.b4 dxc4 25.Rxc4 a6 26.Rc2 Rd7 27.Rf1 Bh6 28.f4 Bg7 29.Rcc1 Qe7
30.Bf3 Kf7 31.Rcd1 Rh8 32.h3 Qd6 33.Rf2 Rdd8 34.Rg2 Rh6 35.Qc4 Nd5 36.Qb3 Nf6
37.Qd3 Qe7 38.Qc2 Rdh8 39.Re1 Re8 40.e4 Qd7 41.Rge2 Rhh8 42.a4 Nxe4 43.Bxe4 Bxd4+
44.Kh2 Bxb2 45.Qxb2 fxe4 46.Rxe4 Rhg8 47.R1e2 Re7 48.Rd2 Qc7 49.Red4 Rge8
50.Rd6 c5 51.bxc5 Qxc5 52.Rb6 Qc8 53.h4 Rc7 54.Rbd6 Rce7  1/2-1/2

[Event "Elgoibar"]
[Site "Elgoibar"]
[Date "1998.11.26"]
[Round "6"]
[White "Ubilava, Elizbar"]
[Black "Van der Wiel, John TH"]
[Result "0-1"]
[WhiteElo "2540"]
[BlackElo "2520"]

1.Nf3 d5 2.g3 c6 3.Bg2 Bg4 4.d3 Nd7 5.Nbd2 e6 6.O-O Bd6 7.e4 Ne7 8.Qe1 Bh5
9.a3 O-O 10.b3 Re8 11.Bb2 e5 12.Bh3 Ng6 13.Bf5 Nf6 14.h3 Ne7 15.Nh2 Nxf5
16.exf5 e4 17.Bxf6 Qxf6 18.dxe4 dxe4 19.Nc4 Bc7 20.Ne3 Rad8 21.Kg2 Bf3+ 22.Nxf3 exf3+
23.Kxf3 Qe5 24.Kg2 Qe4+ 25.Kh2 Qf3 26.Rc1 h5 27.h4 Rd4 28.Kg1 Rxh4  0-1

[Event "Wch U20 Girls"]
[Site "Calicut"]
[Date "1998.11.27"]
[Round "10"]
[White "Bobrowska, Monika"]
[Black "Krush, Irina"]
[Result "0-1"]
[WhiteElo "2470"]
[BlackElo "2275"]

1.Nf3 d5 2.g3 c5 3.Bg2 Nc6 4.O-O Nf6 5.d3 Bf5 6.Nbd2 h6 7.e3 e6 8.Qe2 Be7
9.e4 Bh7 10.Ne1 O-O 11.c3 b5 12.f4 c4 13.dxc4 dxc4 14.e5 Nd5 15.Kh1 Rc8 16.Ne4 a5
17.Bd2 b4 18.Rc1 bxc3 19.Bxc3 Ncb4 20.Bxb4 axb4 21.Nf3 Qa5 22.Nfd2 c3 23.bxc3 bxc3
24.Nb3 Qa7 25.Rce1 c2 26.Rc1 Qxa2 27.Nd4 Qc4 28.Qf2 Bxe4 29.Bxe4 Bc5 30.Qxc2 Qxd4
31.Rfd1 Qb4 32.Rb1 Qc3 33.Qa4 Nb6 34.Qa2 Rfd8 35.Rdc1 Qe3 36.Bg2 Rd2 37.Qa6 Rcd8
38.Qb7 Qe2 39.Re1 Rd1  0-1

[Event "AUT2W-chT 9899"]
[Site "AUT"]
[Date "1998.11.29"]
[Round "4.1"]
[White "Novkovic, Milan"]
[Black "Stangl, Markus"]
[Result "1/2-1/2"]
[WhiteElo "2400"]
[BlackElo "2545"]

1.Nf3 d5 2.g3 c6 3.Bg2 Bg4 4.d3 Nd7 5.O-O e6 6.Nbd2 Ngf6 7.e4 Ne5 8.Qe1 Nxf3+
9.Nxf3 Bc5 10.h3 Bh5 11.Kh1 O-O 12.Nh4 Nd7 13.f4 f5 14.exf5 exf5 15.Nxf5 Rxf5
16.g4 Bxg4 17.hxg4 Rf7 18.g5 Qe8 19.Bd2 Nf8 20.Qxe8 Rxe8 21.Rae1 Rxe1 22.Rxe1 Ng6
23.Re8+ Bf8 24.Bh3 Nxf4 25.Bc8 b6 26.Kh2 g6 27.Kg3 Nh5+ 28.Kg4 Ng7 29.Rd8 Re7
30.Bc3 Kf7 31.Bf6 Rc7  1/2-1/2

[Event "Oberliga Sued W9899"]
[Site "Wuertemberg"]
[Date "1998.11.29"]
[Round "3"]
[White "Einwiller, Bernd"]
[Black "Schoof, Martin"]
[Result "1/2-1/2"]
[WhiteElo "2220"]
[BlackElo "2325"]

1.Nf3 d5 2.g3 Nf6 3.Bg2 c6 4.O-O Bf5 5.d3 h6 6.b3 e6 7.Bb2 Nbd7 8.Nbd2 Be7
9.e4 dxe4 10.dxe4 Bh7 11.Qe2 O-O 12.e5 Nd5 13.Ne4 Qc7 14.c4 N5b6 15.Qe3 a5
16.a4 Rad8 17.Bd4 Nc8 18.g4 Bb4 19.Kh1 Ne7 20.Nf6+ Kh8 21.Nxh7 Kxh7 22.Nh4 b6
23.f4 Bc5 24.Qe4+ Kg8 25.Bb2 Bb4 26.Rad1 Nc5 27.Qe3 Rxd1 28.Rxd1 Rd8 29.Bd4 Rd7
30.Rf1 Nxb3 31.Bxb6 Qb8 32.Qxb3 Qxb6 33.f5 exf5 34.gxf5 Qd4 35.Qg3 Qd3 36.f6 Qxg3
37.hxg3 gxf6 38.exf6 Nc8 39.Bxc6 Rd6 40.Bd5 Nb6 41.Rf5 Nxa4 42.Re5 Rxf6 43.Re8+ Kg7
44.g4 Nb6 45.Nf5+ Kg6 46.Rg8+ Kh7 47.Rg7+ Kh8 48.Bxf7 h5 49.Rg8+ Kh7 50.Rg7+ Kh8  1/2-1/2

[Event "Wch U20"]
[Site "Calicut"]
[Date "1998.11.30"]
[Round "13"]
[White "Dovramadjiev, Tihomir"]
[Black "Aliev, Rasim"]
[Result "1-0"]
[WhiteElo "2210"]
[BlackElo "2295"]

1.Nf3 d5 2.g3 Nf6 3.Bg2 Bg4 4.O-O e6 5.d3 Nbd7 6.Nbd2 Bc5 7.c3 O-O 8.Qc2 c6
9.e4 dxe4 10.dxe4 Bh5 11.e5 Bg6 12.Qa4 Nd5 13.Qd1 Bd3 14.Re1 Qb6 15.Nd4 Bxd4
16.cxd4 Nb4 17.Nf3 Bc2 18.Qd2 Bg6 19.Nh4 Rfd8 20.Nxg6 hxg6 21.Qe2 Nb8 22.Be3 Nd5
23.Bg5 Rd7 24.Red1 Na6 25.h4 Nac7 26.h5 Ne7 27.Bxe7 Rxe7 28.hxg6 fxg6 29.Be4 Kf7
30.Qf3+ Ke8 31.Bxg6+ Kd7 32.Qa3 Nd5 33.Qd6+ Kc8 34.Kg2 Qc7 35.Rh1 b6 36.Rh8+ Kb7
37.Rxa8 Kxa8 38.Qxc7 Nxc7 39.Be4 Kb7 40.Re1 Nd5 41.Bxd5 cxd5 42.Kh3 Rf7 43.f4 b5
44.Kg4 Rf5 45.Rh1 b4 46.Rh5 Rf7 47.f5 exf5+ 48.Rxf5 Rc7 49.e6 Kc6 50.Rf7 Rc8
51.Rxa7 Kd6 52.Kf5 Rf8+ 53.Rf7 Re8 54.Rd7+ Kc6 55.Rxg7 Rh8 56.Kf6 Rh2 57.Rg5 Rh6+
58.Kf7 Rh7+ 59.Rg7 Rh2 60.Kg8 Rf2 61.e7 Kd7  1-0

[Event "NRW-Liga I 9899"]
[Site "GER"]
[Date "1998.12.03"]
[Round "3"]
[White "Steinbacher, Matthias"]
[Black "Huelsmann, Josef"]
[Result "0-1"]
[WhiteElo "2360"]
[BlackElo "2225"]

1.Nf3 d5 2.g3 c6 3.Bg2 Bg4 4.c4 e6 5.cxd5 exd5 6.d3 Nf6 7.O-O Bc5 8.Be3 Bxe3
9.fxe3 O-O 10.Na3 Re8 11.Qd2 Qe7 12.Nc2 Nbd7 13.b4 Bh5 14.Nfd4 Bg6 15.Bh3 Ne5
16.Rf4 Nh5 17.Rf2 Qg5 18.Kg2 Re7 19.Raf1 Rae8 20.a4 Nf6 21.Nf5 Bxf5 22.Rxf5 Qg6
23.Rxf6 gxf6 24.Nd4 Qg5 25.Nf5 Re6 26.Nd4 Rd6 27.Rf5 Qg6 28.Rf4 Kh8 29.Qc3 Qg5
30.Nf5 Rdd8 31.Rh4 Ng6 32.Rh5 d4 33.Rxg5 dxc3 34.Rg4 b5 35.Nd4 Rxd4 36.Rxd4 c2  0-1

[Event "NRW-Liga I 9899"]
[Site "GER"]
[Date "1998.12.03"]
[Round "3"]
[White "Kaid, Almar"]
[Black "Reiter, Hans Ernst"]
[Result "1-0"]
[WhiteElo "2190"]
[BlackElo "2108"]

1.Nf3 d5 2.g3 Nf6 3.Bg2 c6 4.c4 Bf5 5.cxd5 cxd5 6.Qb3 Qc8 7.Nc3 e6 8.O-O Be7
9.d3 O-O 10.Bf4 Nc6 11.Rac1 Qd7 12.e4 Bg4 13.Ne5 Nxe5 14.Bxe5 dxe4 15.dxe4 Rfd8
16.h3 Bh5 17.g4 Bg6 18.Rfd1 Qe8 19.Qxb7 Nd7 20.Bc7 Nc5 21.Rxd8 Rxd8 22.Qb5 Qxb5
23.Nxb5 Rd2 24.Bd6 Bxd6 25.Nxd6 Rxd6 26.Rxc5 h5 27.gxh5  1-0

[Event "BL9899 (Women)"]
[Site "Germany"]
[Date "1998.12.05"]
[Round "5.6"]
[White "Sheynina, Yuliya"]
[Black "Mietzner, Tina"]
[Result "1-0"]
[WhiteElo "2085"]
[BlackElo "2155"]

1.Nf3 d5 2.g3 Nf6 3.Bg2 Bf5 4.d3 c6 5.Nbd2 Nbd7 6.O-O e5 7.Qe1 Be7 8.e4 dxe4
9.dxe4 Bg6 10.a3 O-O 11.Nh4 Qc7 12.Nf5 Rfe8 13.h3 Nf8 14.Qe2 Ne6 15.c3 Rad8
16.b4 Rd7 17.Nc4 Bf8 18.Bb2 Bh5 19.Bf3 Bxf3 20.Qxf3 Ng5 21.Qe3 Ngxe4 22.Qxa7 Red8
23.Qa5 Qxa5 24.bxa5 Nd2 25.Nxd2 Rxd2 26.Bc1 Rc2 27.Rb1 Rxc3 28.Rxb7 Ra8 29.Re1 Bxa3
30.Bxa3 Rxa3 31.Ne7+ Kf8 32.Nxc6 e4 33.Reb1 Ke8 34.Re7+ Kf8 35.Rbb7  1-0

[Event "Boavista Challenge"]
[Site "Porto"]
[Date "1998.12.05"]
[Round "3"]
[White "Camejo, Rui"]
[Black "Parcerias, Pedro"]
[Result "0-1"]
[WhiteElo "2295"]
[BlackElo "2255"]

1.Nf3 d5 2.g3 Nc6 3.Bg2 e5 4.d3 Nf6 5.O-O Be7 6.Bg5 O-O 7.Nbd2 h6 8.Bxf6 Bxf6
9.e4 dxe4 10.dxe4 g6 11.c3 Be6 12.Qe2 Bg7 13.Nc4 Qe7 14.Rfe1 a5 15.a4 Rad8
16.Bf1 Kh7 17.Qc2 f5 18.exf5 Bxf5 19.Qc1 Bf6 20.Ne3 e4 21.Nxf5 gxf5 22.Bh3 Qc5
23.Nd4 Bxd4 24.cxd4 Qxc1 25.Raxc1 Rxd4 26.Rc5 Kg6 27.Rb5 b6 28.Rc1 Rd6 29.Rb3 Nd4
30.Re3 Nf3+ 31.Kg2 c5 32.g4 Nh4+ 33.Kh1 fxg4 34.Bxg4 h5 35.Be2 Rd4 36.Rc4 Rxc4
37.Bxc4 Rd8 38.h3 Kf5 39.Be2 Rd2 40.Bxh5 Rxb2 41.Re2 Rb4 42.Be8 Rb1+ 43.Kh2 Nf3+  0-1